00250nam a2200073Ia 4500082001700000245007600017100004200093008004100135 a370.153 COET 0aEmotional intelligence in the classroom : the secret of happy teachers  a COETZEE, Melinde Cape Town, 2007 210817s9999 xx 000 0 und d